000 00849nam a2200193Ii 4500
003 JO-AjNU
008 230605s9999||||xx |||||||||||||| ||und||
040 _aJO-AjNU
_bara
_erda
_cJO-AjNU
041 _aara
050 1 4 _aHG8077.D3554 1987
100 3 _aالدهراوي، كمال الدين مصطفى,
_eauthor
_99140
245 0 0 _aالمنشآت المالية: تطوير نظام المعلومات المحاسبي مع التطبيق علي شركات التأمين 
264 3 1 _aالاسكندرية: الدار الجامعية للطباعة والنشر والتوزيع، 1987
300 _a235ص
_bيحتوي على ببلوغرافية من ص233-235ص
336 _atext
_btxt
_2rdacontent
337 _aunmediated
_bn
_2rdamedia
338 _avolume
_bnc
_2rdacarrier
650 4 _aشركات التأمين -- محاسبة 
_99141
999 _aA1146
_c4714
_d4714